Four Letter Countries - Statistics

General Stats
  • This quiz has been taken 81 times
  • The average score is 8 of 10
Answer Stats
Country % Correct
Fiji
84%
Peru
82%
Iran
81%
Iraq
81%
Laos
79%
Oman
75%
Togo
73%
Chad
72%
Mali
72%
Cuba
64%
No matching quizzes found
Score Distribution
Percent of People with Each Score
Percentile by Number Answered
Your Score History
You have not taken this quiz